000 01161cam a22003857a 4500
003 CHAP
005 20220817043707.0
008 000814d1999 it rn 00110 eng d
010 _a81939
011 _a82911
020 _a925004371X
035 _a93416
040 _cCHAP
082 0 4 _a338.9
_bF3 v.144
110 2 _aFAO
245 1 0 _aRural poverty, risk and development
_c/by Marcel Fafchamps
260 _aRome :
_bFAO,
_c1999.
300 _a132 p.
410 _aFAO
490 0 _aDesarrollo económico y social
_v; 144
590 _aBATCH-UPD
_b10
_c20130110
_lUCH01
_h0503
590 _aBATCH-UPD
_b10
_c20130110
_lUCH01
_h2252
590 _aBATCH-UPD
_b10
_c20130410
_lUCH01
_h1545
590 _aBATCH-UPD
_b10
_c20130914
_lUCH01
_h1147
590 _aCONVERSION
_b10
_c20130109
_lUCH01
_h1345
650 1 4 _aDesarrollo de la comunidad rural.
_931995
650 1 4 _aPobreza.
_989463
700 0 _aFafchamps, Marcel.
_939313
810 0 _aFAO
830 0 0 _aDesarrollo económico y social
_v; 144
_932058
901 _aBK
905 _aPatricia Mendoza P.
942 _cLIBRO
949 _a338.9 F3 v.144
_bBC
_cFAO
_d33724000784567
_eFAO1
_h98356
_i93416
_sb
999 _c81939
_d81939